• 首页
  • 本馆介绍
  • 公告通知
  • 最新文献
  • 馆藏检索
  • 电子资源
  • 读者导购
  • 参考咨询
  • 我的图书馆
  • 登录
  • 详细信息显示
  • 放入我的书架
  • 预约/预借图书
  • 作者相关作品
  • 分类相关作品
  • 丛书相关作品
  • 出版社相关作品

书目信息

  • 表格格式
  • 工作单格式
  • 卡片格式
题名:
图解电子电路的计算
    
 
作者: 栗原丰 著
分册:  
出版信息: 北京   科学出版社  2000
页数: 167页
开本: 20cm
丛书名: OHM电子电路入门丛书
单 册:
中图分类: TN-51
科图分类:
主题词: 无线电电子学--丛书 , 通信技术--丛书
电子资源:
ISBN: 7-03-008195-1
000 00662nam2 2200229 45
001 0105140960
005 20041223103737.7
010    @a7-03-008195-1@dCNY16.00
100    @a20010514d2000 km y0chiy0120 ea
101 0  @achi
105    @a z 000yy
200 1  @a图解电子电路的计算@ATu Jie Dian Zi Dian Lu De Ji Suan@f(日)栗原 丰等著@F(Ri)Li Yuan Feng Deng Zhu
210    @a北京@c科学出版社@d2000
215    @a167页@d20cm
225    @aOHM电子电路入门丛书
410    @12001 @aOHM电子电路入门丛书
606 0  @a无线电电子学@x丛书
606 0  @a通信技术@x丛书
690    @aTN-51@v4
701  0 @a栗原丰@4著
801    @aCN@bTSTC@c20010514
905    @dTN-51@e91:2
    
    图解电子电路的计算/(日)栗原 丰等著.-北京:科学出版社,2000
    167页;20cm.-(OHM电子电路入门丛书)
    
    
    ISBN 7-03-008195-1:CNY16.00
    
●
相关链接 在E读中查询图书 在五车中查询图书 在当当中查询图书 在豆瓣中查询图书


正题名:图解电子电路的计算     索取号:TN-51/91:2         预约/预借

序号 登录号 条形码 馆藏地/架位号 状态 备注
1 0296320   002963207   第三借阅区/ [索取号:TN-51/91:2] 在馆    
2 0296321   002963216   第三借阅区/ [索取号:TN-51/91:2] 在馆    
3 0296322   002963225   第三借阅区/ [索取号:TN-51/91:2] 在馆    
4 0296323   002963234   第三借阅区/ [索取号:TN-51/91:2] 在馆    
5 0296324   002963243   第二样本阅览室/ [索取号:TN-51/91:2] 在馆    
唐山师范学院图书馆 欢迎您!
大连网信软件有限公司© 版权所有